îles des Canaries - Statistiques

Statistiques générales
  • Ce quiz a été pris 24 fois
  • Le résultat moyen est 5 sur 7
Statistiques - réponses
Hint Réponse % Correct
1 Tenerife
100%
2 Fuerteventura
80%
3 Lanzarote
80%
5 La Gomera
60%
6 La Palma
60%
4 Grande Canarie
50%
7 El Hierro
40%
Aucun quiz correspondant
Distribution des résultats
% des personnes avec chaque résultat
Percentile par nombre de réponses
Votre historique - résultats
Vous n’avez pas pris ce quiz